Spirit-controlled family living. (Record no. 13238)

000 -LEADER
fixed length control field 00778nam a2200217 a 4500
001 - CONTROL NUMBER
control field :::00011056$&:&@@
003 - CONTROL NUMBER IDENTIFIER
control field OkBaRHE
005 - DATE AND TIME OF LATEST TRANSACTION
control field 20000607103405.0
008 - FIXED-LENGTH DATA ELEMENTS--GENERAL INFORMATION
fixed length control field s1978 j 000 0 eng u
020 ## - INTERNATIONAL STANDARD BOOK NUMBER
International Standard Book Number 0800709500\0800709519
040 ## - CATALOGING SOURCE
Transcribing agency
100 1# - MAIN ENTRY--PERSONAL NAME
Personal name LaHaye, Tim F., and LaHaye, Beverly.
245 10 - TITLE STATEMENT
Title Spirit-controlled family living.
260 ## - PUBLICATION, DISTRIBUTION, ETC. (IMPRINT)
Place of publication, distribution, etc Old Tappan, NJ., :
Name of publisher, distributor, etc Fleming H. Revell Co.
Date of publication, distribution, etc c1978
300 ## - PHYSICAL DESCRIPTION
Extent 221 p. : illus. ;
Dimensions 21 cm.
650 ## - SUBJECT ADDED ENTRY--TOPICAL TERM
Topical term or geographic name as entry element Family
General subdivision Religious life
700 ## - ADDED ENTRY--PERSONAL NAME
Personal name LaHaye, Beverly, Joint author.
942 ## - ADDED ENTRY ELEMENTS (KOHA)
Source of classification or shelving scheme
Koha item type Books
Copies
Date last seen Lost status Barcode Shelving location Price effective from Full call number Permanent Location Not for loan Date acquired Damaged status Source of classification or shelving scheme Withdrawn status Koha item type Copy number
2010-04-14 11056General Stacks2010-04-14BV 4526.2 .L28RHEMA Bible Training College 2010-04-14   Books1
2010-04-14 15400General Stacks2010-04-14BV 4526.2 .L28RHEMA Bible Training College 2010-04-14   Books2